| 000 | 00930nam0a22002411 4500 | ||
|---|---|---|---|
| 001 | rc\2644054 | ||
| 005 | 20260407220925.0 | ||
| 035 | _a(NLR Aleph) 006951847 | ||
| 090 |
_a5255326 _c5255326 |
||
| 100 | _a20110607d1931 |||y0rusy50 ca | ||
| 101 | 0 | _arus | |
| 102 | _aRU | ||
| 105 | _ay b ||||| | ||
| 200 | 1 |
_aКаталог московских и ленинградских изданий, подписка на которые принимается местными уполномоченными "Гудка" в 1932 году _fИзд-во "Гудок" ... |
|
| 210 |
_a[Москва] _cБ. и. _d[1931] _gтип. "Гудок" |
||
| 215 |
_a[4] с. _d25х18 см |
||
| 300 | _aБез тит. л. и обл. | ||
| 710 | 0 | 2 |
_a"Гудок", издательство _cМосква _3RU\NLR\AUTH\8810147603 _9789693 |
| 801 | 0 |
_aRU _bNLR _gpsbo |
|
| 801 | 1 |
_aRU _bELAR _2rusmarc |
|
| 852 |
_aNLR _j32-11/1630 |
||
| 942 | _cBOOK | ||
| 980 | _aNB | ||